Länder, die kleiner sind als Bayern - Sudden Death - Statistiken

Allgemein
  • Dieses Quiz wurde 331 mal gespielt
  • Das Durchschnittsergebnis liegt bei 16 aus 79
Answers on the Grid
Answers color-coded by a green-red scale on the quiz's grid according to % correct below.
Vatikanstadt
Monaco
Nauru
Tuvalu
San Marino
Liechtenstein
Marshallinseln
St. Kitts und Nevis
Malediven
Malta
Grenada
St. Vincent und die Grenadinen
Barbados
Antigua und Barbuda
Seychellen
Palau
Andorra
St. Lucia
Singapur
Mikronesien
Tonga
Dominica
Bahrain
Kiribati
Sao Tomé und Príncipe
Mauritius
Komoren
Luxemburg
Samoa
Kap Verde
Trinidad und Tobago
Brunei
Zypern
Libanon
Kosovo
Jamaika
Gambia
Katar
Vanuatu
Montenegro
Bahamas
Osttimor
Eswatini
Kuwait
Fidschi
Slowenien
El Salvador
Israel
Belize
Dschibuti
Nordmazedonien
Ruanda
Haiti
Burundi
Äquatorialguinea
Albanien
Salomonen
Armenien
Lesotho
Belgien
Moldau
Taiwan
Guinea-Bissau
Bhutan
Schweiz
Niederlande
Dänemark
Estland
Dominikanische Republik
Slowakei
Costa Rica
Bosnien und Herzegowina
Kroatien
Togo
Lettland
Litauen
Sri Lanka
Georgien
Irland
Sierra Leone
Panama
Serbien
Tschechien
Vereinigte Arabische Emirate
Österreich
Aserbaidschan
Jordanien
Portugal
Ungarn
Südkorea
Nordkorea
Island
Guatemala
Kuba
Bulgarien
Liberia
Honduras
Benin
Eritrea
Malawi
Nicaragua
Griechenland
Tadschikistan
Bangladesch
Nepal
Tunesien
Suriname
Uruguay
Kambodscha
Syrien
Senegal
Kirgisistan
Belarus
Guyana
Laos
Rumänien
Ghana
Uganda
Vereinigtes Königreich
Guinea
Gabun
Neuseeland
Burkina Faso
Ecuador
Philippinen
Italien
Oman
Polen
Elfenbeinküste
Norwegen
 
Antwortstatistiken
Antwort % Korrekt
Monaco
43%
Liechtenstein
40%
Vatikanstadt
40%
Luxemburg
38%
St. Lucia
38%
Andorra
37%
Malta
36%
Sao Tomé und Príncipe
36%
Marshallinseln
35%
St. Kitts und Nevis
35%
Palau
34%
Nauru
32%
Singapur
32%
St. Vincent und die Grenadinen
32%
Eswatini
31%
Fidschi
31%
Samoa
31%
Tuvalu
31%
Antigua und Barbuda
30%
San Marino
30%
Kiribati
29%
Seychellen
29%
Bahrain
27%
Mauritius
27%
Vanuatu
27%
Malediven
26%
Trinidad und Tobago
26%
Barbados
25%
Grenada
25%
Kap Verde
25%
Komoren
25%
Haiti
24%
Lesotho
24%
Mikronesien
24%
Katar
23%
Kuwait
23%
Osttimor
23%
Tonga
23%
Bahamas
22%
Belize
22%
Brunei
22%
Salomonen
22%
Zypern
22%
Dominica
20%
Dschibuti
20%
Kosovo
20%
Burundi
19%
Israel
19%
Jamaika
19%
Ruanda
19%
El Salvador
18%
Bhutan
16%
Äquatorialguinea
15%
Montenegro
15%
Gambia
14%
Taiwan
13%
Togo
12%
Guinea-Bissau
10%
Moldau
10%
Dominikanische Republik
8%
Estland
8%
Libanon
8%
Slowenien
8%
Nordmazedonien
7%
Albanien
5%
Costa Rica
5%
Schweiz
5%
Belgien
4%
Lettland
4%
Litauen
4%
Niederlande
4%
Sri Lanka
4%
Bosnien und Herzegowina
3%
Dänemark
3%
Irland
3%
Armenien
2%
Georgien
2%
Kroatien
2%
Slowakei
2%
Keine übereinstimmenden Quizze gefunden
Verteilung der Resultate
Anzahl Personen mit jedem Resultat
Perzentil nach korrekt beantworteten Fragen
Ihre Resultats-Entwicklung
Sie haben dieses Quiz noch nicht gespielt